Central Library OPAC University of Rajshahi

International conflict in the twentieth century : (Record no. 31739)

MARC details
000 -LEADER
fixed length control field 00973pam a2200289 4500
001 - CONTROL NUMBER
control field 31739
003 - CONTROL NUMBER IDENTIFIER
rucl marc code BD-RjUL
005 - DATE AND TIME OF LATEST TRANSACTION
control field 20211209051737.0
008 - FIXED-LENGTH DATA ELEMENTS--GENERAL INFORMATION
fixed length control field 140422s1960 enk 001 0 eng
020 ## - INTERNATIONAL STANDARD BOOK NUMBER
International Standard Book Number 0837175690
035 ## - SYSTEM CONTROL NUMBER
System control number (BD-RjUL)31827
040 ## - CATALOGING SOURCE
Original cataloging agency DLC
Transcribing agency DLC
Modifying agency DLC
-- BD-RjUL
Language of cataloging eng
041 ## - LANGUAGE CODE
Language code of text/sound track or separate title eng
082 00 - DEWEY DECIMAL CLASSIFICATION NUMBER
Classification number 327
Author mark and year BUI 1960
100 1# - MAIN ENTRY--PERSONAL NAME
Personal name Butterfield, Herbert,
Dates associated with a name 1900-1979.
9 (RLIN) 21120
245 10 - TITLE STATEMENT
Title International conflict in the twentieth century :
Remainder of title a Christian view /
Statement of responsibility, etc. by Herbert Butterfield.
260 ## - PUBLICATION, DISTRIBUTION, ETC. (IMPRINT)
Place of publication, distribution, etc. London :
Name of publisher, distributor, etc. Routledge & Kegan,
Date of publication, distribution, etc. c1960.
300 ## - PHYSICAL DESCRIPTION
Pagination 123 p. ;
Size 22 cm.
500 ## - GENERAL NOTE
General note Reprint of the ed. published by Harper, New York, which was issued as v. 2 of Religious perspectives.
650 #0 - SUBJECT ADDED ENTRY--TOPICAL TERM
Topical term or geographic name as entry element International relations.
9 (RLIN) 96600
Topical term or geographic name as entry element Christianity and international relations.
9 (RLIN) 96601
830 #0 - SERIES ADDED ENTRY--UNIFORM TITLE
Volume number/sequential designation v. 2.
Uniform title Religious perspectives,
942 ## - ADDED ENTRY ELEMENTS (KOHA)
Source of classification or shelving scheme Dewey Decimal Classification
Koha item type Books
Holdings
Lost status Source of classification or shelving scheme Damaged status Not for loan Collection code Permanent Location Current Location Shelving location Date acquired Source of acquisition Cost, normal purchase price Total Checkouts Full call number Date last seen Copy number Koha item type
  Dewey Decimal Classification   Not For Loan Non-fiction Central Library, University of Rajshahi Central Library, University of Rajshahi Reading Room 22/01/1963 Allies Book Cor. 9.37   327 BUI 1960 22/04/2014 C-1 Books